Has Trump Sold It? - Statistics

General Stats
  • This quiz has been taken 33 times
  • The average score is 13 of 13
Answers on the Grid
Answers color-coded by a green-red scale on the quiz's grid according to % correct below.
watches
Bibles
Timothy Snyder books
cologne
cryptocurrency
"Four More Years" hats
golf balls
MAGA jewelry
Stephen Colbert hats
CPAP machines
pickleball sets
MAGA hats
Mother Jones subscriptions
golf clothes
mugs
wine glasses
bicycles
hiking boots
belts
Hannah Arendt t-shirts
 
Answer Stats
Answer % Correct
cologne
100%
golf clothes
100%
mugs
100%
belts
96%
Bibles
96%
cryptocurrency
96%
"Four More Years" hats
96%
golf balls
96%
MAGA hats
96%
MAGA jewelry
96%
watches
96%
wine glasses
96%
pickleball sets
85%
No matching quizzes found
Score Distribution
Percent of People with Each Score
Percentile by Number Answered
Your Score History
You have not taken this quiz